000
00236nam a2200097Ia 4500
001
782845
005
20250826170211.0
008
250824s9999 xx 000 0 und d
245
0
_a
BOYACI
_c
ERDAL ÇAKICIOĞLU
260
_b
AKVARYUM YAYINLARI
999
_c
782845
_d
782845